مكتبة جامعة عجلون الوطنية

فهرس بحث المكتبة

Normal view MARC view
  • الحضارة الاسلامية-التاريخ الاسلامي-العرب

Entry Topical Term

Number of records used in: 1

001 - CONTROL NUMBER

  • control field: 60889

003 - CONTROL NUMBER IDENTIFIER

  • control field: JO-AjAnu

005 - DATE AND TIME OF LATEST TRANSACTION

  • control field: 20230606083942.0

008 - FIXED-LENGTH DATA ELEMENTS

  • fixed length control field: 230606|| aca||aabn | a|a d

040 ## - CATALOGING SOURCE

  • Original cataloging agency: JO-AjAnu
  • Transcribing agency: JO-AjAnu

150 ## - HEADING--TOPICAL TERM

  • Topical term or geographic name entry element: الحضارة الاسلامية-التاريخ الاسلامي-العرب

670 ## - SOURCE DATA FOUND

  • Source citation: Work cat.: (JO-AjAnu)31056: صبرة، عفاف سيد؛ م.مشارك مصطفى محمد الحناوي, author 60888, تاريخ الحضارة الاسلامية: النظم السياسية-العلوم والفنون